00285nam a22001097a 4500040001500000082001800015100002000033245004900053250001200102260003800114300002300152 cJohn Wiley a510 Kb9211 A aKreyszig, Erwin aAdvanced Engineering Mathematics 5th Edition a5th Ed. aNew YorkbJohn Wiley & Sonsc1983 axvii, 988p.c26cm.